000 00767aasaa2200205 4500
005 20170206122633.0
008 170206b1995 nz u|||er|||| 00| 0 spa d
040 _aCO-BoIAVH
_cCO-BoIAVH
041 0 _aeng
090 _aSE
245 1 0 _aAliens
260 _aAuckland (Nueva Zelanda) :
_bInvasive Species Specialist Group of the IUCN, Species Survival Commission,
_c1995.
300 _bilustraciones ;
_c30 x 21 cm.
310 _af
650 1 6 _aEspecies invasivas
_vPublicaciones seriadas
650 2 6 _aEspecies invasivas
_xMetodos de control
_vPublicaciones seriadas
650 2 6 _aConservación de la diversidad biológica
_vPublicaciones seriadas
710 2 _aThe Invasive Species Specialist Group (ISSG)
942 _cREVISTA
_2z
_s1
999 _c16671
_d16671